000 00548nam a2200193 i 4500
001 56927
003 ES-MaACL
005 20230906163458.0
007 t|
008 031014s1909 fr ||||1| fre d
100 1 _aDiehl, Charles (
_d1859-1914)
_944588
245 1 0 _aFigures byzantines /
_cCharles Diehl.
250 _a4eme ed.
260 _aParís :
_bPaul Brodard,
_c1909.
300 _a2 v. ;
_c19 cm.
500 _aEl V. II pertenece a la 2ª ed., 1908.
650 4 _aBizantinos-
_xBiografías.
_9158884
852 _aES-MaACL
_jG-15298-15299
999 _c56927
_d56927